000 00598nam a22002297a 4500
001 0074
003 DO-SdBNP
005 20180119125107.0
007 0074
008 151111b sp 1977 xxu||||| |||| 00| 0 spa d
020 _a8424202813
040 _aBPMSU
_bspa
_cBPMSU
100 1 0 _4Mallorqui, José
245 1 0 _aComo dos balas /
_cJosé Mallorqui
260 _aBarcelona :
_bFavencia,
_c1977.
300 _a124 p. :
_bil.,
_c17 cm.
490 _aDos hombres buenos
_v11
830 0 0 _aDos hombres buenos
_n11
942 _2ddc
_cBK
945 _aInventariado, 2018/MFF
956 _aBrenda Tavárez
999 _c8651
_d8651